000 00705nam a2200217 i 4500
001 103784
003 ES-MaACL
005 20230906183438.0
007 t|
008 051118s1950 sp ||||1| spa d
100 1 _aMestas, Alberto de.
_980692
245 1 3 _aEl Salvador
_b: país de lagos y volcanes /
_cAlberto de Mestas García.
260 _aMadrid :
_bCultura Hispánica,
_c1950.
300 _aXII, 672 p., 2 h. pleg., 14 lám. ;
_c22 cm.
490 1 _aPueblos hispánicos ;
_v2
651 4 _aEl Salvador-
_xHistoria.
_98154
651 4 _aEl Salvador-
_zSituación económica.
_9164066
830 1 _aPueblos hispánicos ;
_v2
_9232604
852 _aES-MaACL
_jD-5244
999 _c103784
_d103784